000 00724nam a2200265Ia 4500
003 OSt
005 20221006150128.0
006 a|||||r|||| 00| 0
007 ta
008 221006b |||||||| |||| 00| 0 jpn d
020 _c¥360
024 _a17,210
037 _bGift, Japan Foundation
_cTextual
040 _aEASL
_cEASL
_bjpn
041 _2jpn
_ajpn
082 _aO42,6x, L7
100 _aSEIKYO SHIMBUNSHA SHAKAIBU Ed.
_9655957
245 0 _aIkuyamakawa
260 _aTokyo
_bSeikyoshimbunsha Japan
_c1977
300 _a235p.
_ccm.
490 _v JL
650 _aJL
942 _hO42,6x, L7
_cTEXL
_2CC
999 _c1085296
_d1085296